000 01035nam a2200289 4500
005 20220510115124.0
008 220510s2020 nyua|||gr|||| 00| 0 eng d
020 _a9780367245054 (4a.Ed.)
020 _a9780429282942
020 _a9780367245092
040 _aCO-BoUCM
_bspa
_cDeissy Garcia
_dDeissy Garcia
041 0 _aeng
100 1 _9174669
_aCarroll, Brian
245 1 0 _aWriting and editing for digital media
_cBrian Carroll
250 _a4a.Ed.
260 _aNueva York
_bRoutledge
_c2020
300 _axiii, 375 páginas
_bilustraciones
500 _aBibliografía Básica - Escuela de Ciencias Humanas - Pregrado en Periodismo y Opinión Pública
504 _aIncluye referencias bibliográficas e índices
650 7 _921340
_aPeriodismo
650 7 _aPeriodismo en internet
_921349
650 7 _916060
_aFormatos digitales
653 1 _aPeriodismo en línea
653 1 _aRedes sociales en línea
942 _2DEWEY
_cLIBRO
_a18
_e4
_h808.002854678
_mC319w
_n0
999 _c321138
_d321138